| 000 | 00539nam a22001817a 4500 | ||
|---|---|---|---|
| 005 | 20260410125452.0 | ||
| 008 | 260410b2026 ec a|||| |||| 00| 0 spa d | ||
| 020 | _a978-9907-0-1032-9 | ||
| 040 | _aEc-QuCCB | ||
| 082 |
_a371.02 _bR364 |
||
| 100 | 1 |
_aReina Mera, Estefany Alejandra, _d1993- _944506 |
|
| 245 |
_aEl silencio del aula _cEstefany Reina |
||
| 250 | _aPrimera edición | ||
| 260 |
_aQuito, Ecuador : _bCámara Ecuatoriana del Libro, _c2026 |
||
| 300 |
_a212 páginas : _bilustraciones ; _c21 cm |
||
| 590 | _apgc | ||
| 942 | _cBK | ||
| 999 |
_c83831 _d83831 |
||